ბათუმის შოთა რუსთაველის სახელმწიფო უნივერსიტეტის ბიბლიოთეკა

Гильгамеш и Энкиду : (ბიბ.ჩანაწერი № 61020)

000 -LEADER
fixed length control field 00879nam a22001817a 4500
005 - DATE AND TIME OF LATEST TRANSACTION
control field 20231207153829.0
008 - FIXED-LENGTH DATA ELEMENTS--GENERAL INFORMATION
fixed length control field 231207s1979 ru ||||| |||| 00| 0 rus d
041 ## - LANGUAGE CODE
Language code of text/sound track or separate title rus
080 ## - UNIVERSAL DECIMAL CLASSIFICATION NUMBER
Universal Decimal Classification number 7+008 А-94
100 ## - MAIN ENTRY--PERSONAL NAME
Personal name Афанасьева, В.К.
9 (RLIN) 20614
245 ## - TITLE STATEMENT
Title Гильгамеш и Энкиду :
Remainder of title Эпические образы в искусстве /
Statement of responsibility, etc. В.К. Афанасьева.
264 ## - PRODUCTION, PUBLICATION, DISTRIBUTION, MANUFACTURE, AND COPYRIGHT NOTICE
Place of production, publication, distribution, manufacture М.:
Name of producer, publisher, distributor, manufacturer Наука,
Date of production, publication, distribution, manufacture, or copyright notice 1979.
300 ## - PHYSICAL DESCRIPTION
Extent 219 с.:
Other physical details ил. ;
Dimensions 21 см.
440 ## - SERIES STATEMENT/ADDED ENTRY--TITLE
Title Культура народов Востока
9 (RLIN) 20615
653 ## - INDEX TERM--UNCONTROLLED
keyword გილგამეში და ენქიდუ - მესოპოტამიის უძველესი ეპიკური გმირები
653 ## - INDEX TERM--UNCONTROLLED
keyword შუმერული ლიტერატურა. ეტიოლოგიური მითები
942 ## - ADDED ENTRY ELEMENTS (KOHA)
Source of classification or shelving scheme
Koha item type წიგნი
ეგზემპლარები
Withdrawn status Lost status Source of classification or shelving scheme Damaged status Not for loan Permanent Location Current Location Shelving location Date acquired Cost, normal purchase price Full call number Barcode Date last seen Copy number Uniform Resource Identifier Price effective from Koha item type Public note
          ბათუმის შოთა რუსთაველის სახელმწიფო უნივერსიტეტის მთავარი ბიბლიოთეკა ბათუმის შოთა რუსთაველის სახელმწიფო უნივერსიტეტის მთავარი ბიბლიოთეკა წიგნსაცავი 2023-12-07 8.00 7+008 А-94 65546 2023-12-07 65546 ბსუ-ს საპატიო დოქტორის გურამ ლორთქიფანიძის საჩუქარი 2023-12-07 წიგნი 8 ლ.